1180 1590 1443 1131 1434 1729 1347 1249 1382 1549 1864 1218 1102 1702 1184 1419 1304 1439 1541 1727 1487 1443 1191 1767 1319 1128 1172 1266 1542 1281 1882 1091 1709 1933 1100 1223 1115 1422 1358 1881 1504 1859 1355 1952 1093 1624 1933 1160 1245 1890 1753 1934 1780 1174 1543 1815 1063 1723 1799 1316 1906 1866 1656 1479 1119 1247 1482 1741 1535 1399 1971 1123 1888 1453 1520 1577 1710 1264 1469 1267 1111 1462 1694 1855 1118 1306 1468 1122 1276 1041 1344 1221 1062 1421 1228 1120 1202 1933 1786 BCNSPRNW ULIB Ver.6.0+V

เปลี่ยนเป็นภาษาไทย

Change to English
 แสดงรายละเอียดบรรณานุกรม
  กลับหน้าหลัก

Brief Record : Get Marc (ISO 2709) : E-mail record : QR code < ปิดหน้าต่าง
LEADER : 00000nam 2200000uu 4500
001    13399114237
003     ULIB
008    110627s||||||||th 000 0 tha d
020    9789749899229
090    นว.^bย731ค 2550
100 0  โยโคมิโซะ เซซิ
245 00 คินดะอิจิยอดนักสืบ ตอนที่ 1 หมู่บ้านแปดหลุมศพ/^cโยโคมิโซะ เซซิ
250    พิมพ์ครั้งที่ 9
260    กรุงเทพฯ :^bBLISS publishing,^c2553
300    274 หน้า
710 1  BLISS publishing
945    ^p199^l0^i022056
995    ทศพร
999 ^a ใช้งานได้ทุกระบบ
รายการนี้ยังไม่มีแท็ก
คุณยังไม่ได้ล็อกอิน คุณสามารถมีกิจกรรมร่วมกับเว็บไซต์ได้ แต่ต้องล็อกอินก่อน ::
  ล็อกอิน

รายการสื่อสารสนเทศ

ลำดับที่ ประเภท เลขเรียก/บาร์โค้ด สถานที่ สถานะ
1. นวนิยาย
นวนิยาย
นว. ย731ค 2550 ฉ.1 
  Barcode: 022056
ห้องสมุดวิทยาเขตสวรรค์ประชารักษ์
►นวนิยาย
บนชั้น
  ขอยืม

รายการใกล้เคียง
    ผู้แต่ง [โยโคมิโซะ เซซิ]

BibComment


ยังไม่เคยถูกคอมเมนท์

คอมเมนท์ทรัพยากรรายการนี้
  คอมเมนท์: คินดะอิจิยอดนักสื..


 Copyright 2026. Bcnsprnw @Library